Técnica moderna de primeros auxilios

Sparad:
Bibliografiska uppgifter
Huvudupphovsman: Hammerly, Marcelo A (Författare, medförfattare)
Materialtyp: Bok
Språk:spanska
Publicerad: Buenos Aires Sudamericana 1978
Serie:Colección Libros para Todos
Ämnen:
Taggar: Lägg till en tagg
Inga taggar, Lägg till första taggen!

MARC

LEADER 00000nam a2200000 a 4500
001 UCY9626
003 CL-VaPUC
008 950717e19780523AG |||||||||||||||||spa|d
082 0 4 |a 616.0252  |b HAM  |2 21 
100 0 |a Hammerly, Marcelo A  |e author  |9 342021 
245 1 0 |a Técnica moderna de primeros auxilios 
300 |a 232 p 
942 |c BK 
945 |d 19950717 00:00:00  |a lriquelm 
260 |a Buenos Aires  |b Sudamericana  |c 1978 
650 0 |a Primeros auxilios  |9 308210 
650 7 |a TRATAMIENTO DE EMERGENCIA  |2 CL-VaPUC  |9 342022 
650 7 |a TRAUMATISMO  |2 CL-VaPUC  |9 342023 
650 7 |a MORDEDURAS Y PICADURAS  |2 CL-VaPUC  |9 342024 
650 7 |a QUEMADURAS  |2 CL-VaPUC  |9 342025 
650 0 |a Asfixia  |9 342026 
650 7 |a ENVENENAMIENTO  |2 CL-VaPUC  |9 338530 
650 7 |a HERIDAS Y LESIONES  |2 CL-VaPUC  |9 342027 
650 0 |a Medidas de seguridad  |9 264085 
583 |a last modification  |c 19950717 00:00:00  |k Rodrigo Vera 
490 0 |a Colección Libros para Todos 
999 |c 236679  |d 236677 
952 |0 0  |1 0  |4 0  |6 616_025200000000000_HAM_1978  |7 0  |8 P  |9 244937  |a BIBEDU  |b BIBEDU  |c BIBEDU_PB  |d 2019-11-18  |i 1532693  |o 616.0252 HAM 1978  |p 1532693  |r 2019-11-18  |w 2019-11-18  |y BK  |k EDU